| 000 | 00684cam a2200205 4500 | ||
|---|---|---|---|
| 008 | 130708n 000 0 eng u | ||
| 020 | _a9781845453442 | ||
| 035 | _a(Sirsi) a179642 | ||
| 040 | _aCIP | ||
| 050 | _aHV 640 NEW 2007 | ||
| 245 |
_aNew regionalism and asylum seekers : _bchallenges ahead/ _cedited by Susan Kneebone and Felicity Rawlings-Sanaei |
||
| 260 |
_aNew York : _bBerghahn Books, _c 2007. |
||
| 300 | _ax, 243 p. | ||
| 440 | _aStudies in forced migration ; v. 20 | ||
| 504 | _aIncludes bibliographical references and index | ||
| 650 | _aPolitical refugees | ||
| 650 | _aRegionalism. | ||
| 700 | _aKneebone, Susan | ||
| 700 | _aRawlings-Sanaei, Felicity | ||
| 999 |
_c119158 _d119158 |
||